|
|
|
|
| LEADER |
00000nam2a2200000 4500 |
| 001 |
34336 |
| 005 |
20231101210228.0 |
| 035 |
|
|
|a (RuTPU)RU\TPU\book\34725
|
| 035 |
|
|
|a BOOK00001376
|
| 090 |
|
|
|a 34336
|
| 100 |
|
|
|a 20011210d1982 km y0rusy50 ca
|
| 101 |
0 |
|
|a rus
|
| 102 |
|
|
|a RU
|
| 105 |
|
|
|a y g 001zy
|
| 200 |
0 |
|
|a Т. 2 : Осадочные, вулканогенно-осадочные и метаморфические формации
|f сост. В. Ю. Забродин [и др.] ; под ред. Г. Л. Кирилловой [и др.]
|
| 210 |
|
|
|d 1982
|
| 215 |
|
|
|a 397 с.
|
| 320 |
|
|
|a Библиогр.: с. 362-382
|
| 320 |
|
|
|a Предметный указатель: с. 383-394
|
| 461 |
|
1 |
|0 (RuTPU)RU\TPU\book\34721
|t Геологические формации
|o терминологический справочник
|o [в 2 т.]
|v Т. 2 : Осадочные, вулканогенно-осадочные и метаморфические формации
|d 1982
|
| 606 |
1 |
|
|a Геологические формации
|2 stltpush
|3 (RuTPU)RU\TPU\subj\6079
|9 34039
|
| 610 |
1 |
|
|a формационные анализы
|
| 610 |
1 |
|
|a осадочные формации
|
| 610 |
1 |
|
|a вулканогенно-осадочные формации
|
| 610 |
1 |
|
|a метаморфические формации
|
| 610 |
1 |
|
|a классификация
|
| 610 |
1 |
|
|a справочники
|
| 610 |
1 |
|
|a термины
|
| 675 |
|
|
|a 551.263(03)
|v 3
|
| 702 |
|
1 |
|a Забродин
|b В. Ю.
|4 220
|
| 702 |
|
1 |
|a Кириллова
|b Г. Л.
|4 220
|
| 702 |
|
1 |
|a Кулындышев
|b В. А.
|4 220
|
| 702 |
|
1 |
|a Кириллова
|b Г. Л.
|4 340
|
| 801 |
|
0 |
|a RU
|b 63413507
|c 20011210
|g PSBO
|
| 801 |
|
2 |
|a RU
|b 63413507
|c 20210210
|g PSBO
|
| 900 |
|
|
|a Основы формационного анализа
|
| 900 |
|
|
|a Формационный анализ
|
| 942 |
|
|
|c BK
|